Hydraulics and its applications.

Bibliographic Details
Main Author: Gibson, A. H. (Arnold Hartley), 1878-
Format: Book
Language:English
Published: London : Constable, [1952]
Edition:5th ed. [rev. and enl.].
Subjects:

MARC

Tag First Indicator Second Indicator Subfields
LEADER 00000cam a2200000 4500
001 in00000707321
005 20151016051519.0
008 751113s1952 enka 00000 eng
010 |a  52004619  
035 |a (OCoLC)01832265 
035 |9 ADB1914AM 
040 |a DLC  |c ABC  |d OCL  |d TXA  |d UtOrBLW 
049 |a TXAM  |c 1 [218686]  |c 2 [423445] 
050 0 0 |a TC160  |b .G6 1952 
082 0 |a 532 
100 1 |a Gibson, A. H.  |q (Arnold Hartley),  |d 1878- 
245 1 0 |a Hydraulics and its applications. 
250 |a 5th ed. [rev. and enl.]. 
264 1 |a London :  |b Constable,  |c [1952] 
300 |a 813 pages :  |b illustrations ;  |c 23 cm. 
336 |a text  |b txt  |2 rdacontent 
337 |a unmediated  |b n  |2 rdamedia 
338 |a volume  |b nc  |2 rdacarrier 
650 0 |a Hydraulics. 
650 0 |a Hydraulic machinery. 
999 |a MARS 
999 f f |s 10af708c-6b60-3daf-b07a-83e2aaafcf78  |i 6ca26e94-a9b0-3091-86e1-e4837aecaaca  |t 0 
952 f f |p ric  |a Texas A&M University  |b Rellis Campus  |c Joint Library Facility  |d Remote Storage  |t 0  |e TC160 .G6 1952  |h Library of Congress classification  |i unmediated -- volume  |m A14805348832 
998 f f |a TC160 .G6 1952  |t 0  |l Remote Storage